00734nam a2200229 a 450000100100000000500170001000800410002704000250006808200190009310000390011224500550015126000310020630000260023749000150026350000730027850000320035165100430038365100300042683000220045604900090047899900170048700002223520200930011637.0100920s1979 ck r 000 0 spa d aDO-SdBNPbspacBNPHU a320.986bM528s1 aMelo, Jorge orlando,d1942-94597710aSobre historia y política /cJorge Orlando Melo. aBogotá :bLealon,c1979. a274, [2] p. ;c18 cm.1 aLa Carreta aIncluye nota y referencias bibliográficas al pie de las páginas. aIncluye referencias: p. 274 4aColombiaxPolítica Y Gobierno932467 4aColombiaxHistoria918037 0aLa Carreta945978 aBNGR c21733d21733